|
|
|
|
| LEADER |
01148nam a2200289 a 4500 |
| 001 |
7685 |
| 003 |
BD-DhAAL |
| 005 |
20130912140430.0 |
| 008 |
130912s1993 cou b 001 0 eng d |
| 010 |
|
|
|a 92016847
|
| 020 |
|
|
|a 1555873472 (hc)
|
| 020 |
|
|
|a 1555873928 (pb)
|
| 040 |
|
|
|a DLC
|c DLC
|d DLC
|d BD-DhAAL
|
| 050 |
0 |
0 |
|a HA29
|b .D395 1993
|
| 082 |
0 |
0 |
|a 001.4/222
|2 20
|
| 245 |
0 |
0 |
|a Fieldwork in developing countries /
|c edited by Stephen Devereux and John Hoddinott.
|
| 260 |
|
|
|a Boulder, Colo. :
|b Lynne Rienner,
|c 1993.
|
| 300 |
|
|
|a xiii, 229 p. ;
|c 30 cm.
|
| 504 |
|
|
|a Includes bibliographical references (p. 217-222) and index.
|
| 541 |
|
|
|e 7685
|
| 650 |
|
0 |
|a Social sciences
|z Developing countries
|x Statistical methods.
|9 3021
|
| 700 |
1 |
|
|a Devereux, Stephen,
|d 1959-
|9 3022
|
| 700 |
1 |
|
|a Hoddinott, John.
|9 3023
|
| 942 |
|
|
|2 ddc
|c BK
|
| 955 |
|
|
|a pc05 to bg00 04-23-92; bg05 to SCD 04-24-92; fe12 04-27-92; fq28 04-29-92; CIP ver. pv04 06-29-93
|
| 999 |
|
|
|c 13954
|d 13954
|
| 952 |
|
|
|0 0
|1 4
|2 ddc
|4 1
|6 001_422200000000000_FIE
|7 0
|9 23380
|a BRACUL
|b BRACUL
|c SPS
|d 2013-09-12
|l 0
|o 001.4222 FIE
|p 3010007685
|r 2013-09-12
|t 1
|w 2013-09-12
|y BK
|x Koha Inventory 2020
|